| 000 | 00432nam a2200181Ia 4500 | ||
|---|---|---|---|
| 008 | 240830s2011 xx 000 0 und d | ||
| 041 | _aeng | ||
| 082 | _a618.92/SRI | ||
| 100 | _aSHIVASTAVA,R.N / BAGGA,ARVIND | ||
| 245 | _aPEDIATRIC NEPHROLOGY | ||
| 250 | _a5 | ||
| 260 |
_aPUNE _bJAYPEE BROTHERS _c2011 |
||
| 300 | _a557p | ||
| 440 | _vIX | ||
| 650 | _aBAL-ROG | ||
| 906 | _aPEDIATRIC NEPHROLOGY | ||
| 999 |
_c1188198 _d1188198 |
||